The malay woman in the body : (Record no. 31152)

MARC details
000 -LEADER
fixed length control field 00766nam a2200253 i 4500
001 - CONTROL NUMBER
control field C2-0117083
003 - CONTROL NUMBER IDENTIFIER
control field PPAK
005 - DATE AND TIME OF LATEST TRANSACTION
control field 20180727110300.0
008 - FIXED-LENGTH DATA ELEMENTS--GENERAL INFORMATION
fixed length control field 970722s1994 my a|||| ||||| | eng d
020 ## - INTERNATIONAL STANDARD BOOK NUMBER
International Standard Book Number 9676528366
040 ## - CATALOGING SOURCE
Original cataloging agency PPAK
Language of cataloging eng
Transcribing agency PPAK
Description conventions rda
082 04 - DEWEY DECIMAL CLASSIFICATION NUMBER
Classification number 305.409595
Edition number 23
090 00 - LOCALLY ASSIGNED LC-TYPE CALL NUMBER (OCLC); LOCAL CALL NUMBER (RLIN)
Classification number (OCLC) (R) ; Classification number, CALL (RLIN) (NR) 305.409595
Feature heading ROZ
Feature heading G
100 0# - MAIN ENTRY--PERSONAL NAME
Personal name Roziah Omar,
Relator term author
245 14 - TITLE STATEMENT
Title The malay woman in the body :
Remainder of title between biology and culture
264 #1 - PRODUCTION, PUBLICATION, DISTRIBUTION, MANUFACTURE, AND COPYRIGHT NOTICE
Place of production, publication, distribution, manufacture Kuala Lumpur :
Name of producer, publisher, distributor, manufacturer Fajar Bakti ,
Date of production, publication, distribution, manufacture, or copyright notice 1994
300 ## - PHYSICAL DESCRIPTION
Extent xiii, 103 pages :
Other physical details illustrations ;
Dimensions 21 cm
336 ## - CONTENT TYPE
Source rdacontent
Content type term text
337 ## - MEDIA TYPE
Source rdamedia
Media type term unmediated
338 ## - CARRIER TYPE
Source rdacarrier
Carrier type term volume
500 ## - GENERAL NOTE
General note Bibliography pages : 93-101 ; Includes indexes
650 10 - SUBJECT ADDED ENTRY--TOPICAL TERM
Topical term or geographic name entry element Women, Malay - Malaysia.
942 ## - ADDED ENTRY ELEMENTS (KOHA)
-- dc
Koha item type Book
Holdings
Withdrawn Not for loan Current library Shelving location Date acquired Full call number Barcode Date last seen Koha item type
    Perpustakaan Alor Setar Pinjaman Dewasa 29/09/2005 305.409595 ROZ A00234701 08/05/2018 Book
    Perpustakaan Alor Setar Pinjaman Dewasa 18/05/2017 305.409595 ROZ A00731229 08/05/2018 Book
    Perpustakaan Awam Sungai Petani Pinjaman Dewasa 25/01/2004 305.409595 ROZ A00413866 08/05/2018 Book
    Perpustakaan Kulim Pinjaman Dewasa 30/12/1998 305.409595 ROZ A00234705 08/05/2018 Book
    Perpustakaan Kulim Pinjaman Dewasa 15/07/2003 305.409595 ROZ A00320358 08/05/2018 Book
    Perpustakaan Kulim Pinjaman Dewasa 15/07/2003 305.409595 ROZ A00321497 08/05/2018 Book
    Perpustakaan Merbok Pinjaman Dewasa 22/07/1997 305.409595 ROZ A00034220 08/05/2018 Book
    Perpustakaan Yan Pinjaman Dewasa 30/12/1998 305.409595 ROZ A00234706 08/05/2018 Book
    PD12, Kg. Padang, Baling Pinjaman Dewasa 30/12/1998 305.409595 ROZ A00234707 08/05/2018 Book
    PD15, Kg. Naga, Kepala Batas Pinjaman Dewasa 30/12/1998 305.409595 ROZ A00234708 08/05/2018 Book